Statistics for A to Z: Musical Terms

Click here to take the quiz!

General Stats

  • This quiz has been taken 24,306 times
  • The average score is 19 of 26

Answer Stats

HintAnswer% Correct
ANon-electric guitarAcoustic
96%
KThe modern piano has 88 of themKeys
95%
CLarge, organised group of singersChoir
95%
DRingo played themDrums
93%
FHorizontally held wind instrumentFlute
93%
USmall guitar popular in HawaiiUkulele
92%
JMusic originally from New OrleansJazz
92%
B"Swan Lake" or "Nutcracker", e.g.Ballet
90%
EExtra performance, after applauseEncore
88%
RBob Marley's styleReggae
87%
LCradle songLullaby
85%
VKnown in the folk scene as a fiddleViolin
84%
XCommon percussion instrumentXylophone
83%
YSwiss, Alpine style of singingYodel
83%
SInstrument played by Lisa SimpsonSaxophone
81%
HSong of praiseHymn
76%
O"La Bohème", or "Aida", e.g.Opera
75%
MGreat conductor's titleMaestro
69%
TPavarotti, Domingo, Carreras, e.g.Tenor
67%
GComposer of "Porgy and Bess"Gershwin
45%
WComposer of the "Ring Cycle"Wagner
44%
IDistance between two musical notesInterval
41%
PVery fast tempo (Italian)Presto
34%
NPiece of music for nine musiciansNonet
31%
Q8th note, in BritainQuaver
25%
ZString instrument with wooden frameZither
24%

Score Distribution

Percentile by Number Answered

Percent of People with Each Score

Your Score History

You have not taken this quiz